000 00537nam a2200181Ia 4500
008 190422s9999 xx 000 0 und d
100 _aLeffers, Jeanne
245 _aNurse play essential roles in reducing health problems due to climate change
245 _cJeanne Leffers, Patricia Butterfied . --
260 _bElsevier
260 _c2018
300 _apages 210-213, March/April 2018
440 _aNursing Outlook
_v66(2)
650 _aBullying
650 _aNursing
650 _aVerbal Abuse
650 _aWork Environment
999 _c361431
_d361431